00497nam a2200181Ia 4500008004100000020001800041082000800059100002300067245002900090250000600119260002500125300001700150500002400167650001000191942000700201952009000208999001700298230524s9999 xx 000 0 und d a9780070704473 bMUN aJ.S.Mundrey942903 0aRailway Track Engineerig a4 aNew DelhibTMHc2011 a"XXII,627p;" aQuantity Number: 1 aCivil cBK 00104070aTATCLbTATCLcGENd2023-05-24l0o MUNp54163r2023-05-24w2023-05-24yBK c57871d57871